000 00327nam a22001337a 4500
008 170523b xxu||||| |||| 00| 0 eng d
020 _a9780981954387
041 _aeng
080 _a94
100 _a16
101 _aSHH
245 _aA CONVENIENT HATRED THE HISTORY OF ANTISEMITISM
_cGOLDSTEIN.P
942 _2udc
_cBK
999 _c13929
_d13929